Manual de historia de España

Guardat en:
Dades bibliogràfiques
Autor principal: Aguado Bleye, Pedro (Autor)
Format: Llibre
Idioma:espanyol
Publicat: Madrid, España Espasa Calpe 1954
Edició:Séptima edición
Matèries:
Etiquetes: Afegir etiqueta
Sense etiquetes, Sigues el primer a etiquetar aquest registre!

MARC

LEADER 00000nam a2200000 a 4500
001 UCR7570
003 CL-VaPUC
005 20220222074029.0
008 980519e19540000SP |||||||||||||||||spa|d
999 |c 269161  |d 269159 
040 |c Pontificia Universidad Católica de Valparaíso 
082 0 4 |a 946.009 AGU 1954  |2 21 
100 0 |a Aguado Bleye, Pedro  |e author  |9 408867 
245 1 0 |a Manual de historia de España 
250 |a Séptima edición 
260 |a Madrid, España  |b Espasa Calpe  |c 1954 
300 |a 3 volúmenes 
500 |a v.1: Prehistoria, edades antigua y media 
500 |a v.2: Reyes católicos, Casa de Austria 
500 |a v.3: Casa de Borbón 1700-1808 - España contemporánea 1808-1955 
583 |a last modification  |c 19980519 00:00:00  |k Rodrigo Vera 
650 7 |a HISTORIA DE ESPAÑA  |2 CL-VaPUC  |9 321819 
650 0 |a Colonización  |z ESPAÑA  |9 265172 
650 0 |a Cristianismo  |z ESPAÑA  |9 257361 
650 0 |a Musulmanes  |z ESPAÑA  |9 332296 
942 |c BK  |2 ddc 
945 |d 19980519 00:00:00  |a crobeson 
952 |0 0  |1 0  |2 ddc  |4 0  |6 946_009000000000000_AGU_1954  |7 0  |8 X  |9 302828  |a BIBEDU  |b BIBEDU  |d 2019-11-20  |h v.1  |i 1995197  |o 946.009 AGU 1954  |p 1995197  |r 2023-01-13  |t 2  |w 2019-11-20  |y BK_X  |k LIT 
952 |0 0  |1 0  |2 ddc  |4 0  |6 946_009000000000000_AGU_1954  |7 0  |8 X  |9 302829  |a BIBEDU  |b BIBEDU  |d 2019-11-20  |h v.2  |i 1995200  |o 946.009 AGU 1954  |p 1995200  |r 2023-01-13  |t 1  |w 2019-11-20  |y BK_X  |k LIT 
952 |0 0  |1 0  |2 ddc  |4 0  |6 946_009000000000000_AGU_1954  |7 0  |8 X  |9 302830  |a BIBHIS  |b BIBHIS  |d 2019-11-20  |h v.1  |i 136989K  |o 946.009 AGU 1954  |p 136989K  |r 2024-01-30  |t 1  |w 2019-11-20  |y BK_X  |k HIS